| 000 | 01178nam a2200325 i 4500 | ||
|---|---|---|---|
| 001 | 65299 | ||
| 003 | ES-MaACL | ||
| 005 | 20250822090619.0 | ||
| 007 | t| | ||
| 008 | 040112m19701972sp ||||1| spa d | ||
| 080 | _a372.4.02 | ||
| 100 | 1 |
_aFreinet, Célestin. _952452 |
|
| 245 | 1 | 4 |
_aLos métodos naturales / _cCelestin Freinet ; [traducido por Mª Dolores Bordas]. |
| 250 | _a1ª ed. | ||
| 260 |
_aBarcelona : _bFontanella, _c1970-1972. |
||
| 300 |
_a3 v. : _bil. ; _c19 cm. |
||
| 490 | 1 |
_aEducación ; _v8-9, 14 |
|
| 505 | 8 | _aContiene: 1. El aprendizaje de la lengua (385 p.) - 2. El aprendizaje del dibujo (389 p.) - 3. El aprendizaje de la escritura (199 p.) | |
| 650 | 7 |
_aLengua francesa- _xEstudio y enseñanza _2 _9168223 |
|
| 650 | 4 |
_aDibujo- _xDidáctica. _9173801 |
|
| 650 | 4 |
_aEscritura- _xDidáctica. _9163174 |
|
| 650 | 4 |
_aEnseñanza primaria- _xDidáctica. _912304 |
|
| 700 | 1 |
_aBordas, María Dolores. _930382 |
|
| 740 | 3 | 2 | _aEl aprendizaje de la lengua. |
| 740 | 3 | 2 | _aEl aprendizaje del dibujo. |
| 740 | 3 | 2 | _aEl aprendizaje de la escritura. |
| 830 | 1 |
_aEducación ; _v8-9, 14 _9183905 |
|
| 852 | 4 |
_aES-MaACL _jP-1857 |
|
| 999 |
_c65299 _d65299 |
||